000 00344nam a2200133Ia 4500
008 240624s9999 xx 000 0 und d
041 _aeng
082 _a658.4022 SMI
100 _aBRYANT SMITH ROSE
245 _aFIX YOUR TEAM THE TOOLS YOU NEED TO REBU
260 _c2018
_aAustralia
_bWiley
300 _axx, 273 p.; 23 cm.
365 _c
_b33
999 _c32225
_d32225